| 000 | 00721nam a2200229 a 4500 | ||
|---|---|---|---|
| 003 | DO-SdBNP | ||
| 005 | 20220608114327.0 | ||
| 007 | ta | ||
| 008 | 220608b2021 dr ||||| |||| 00| 0 spa d | ||
| 020 | _a9789945808513 | ||
| 040 |
_aDO-SdBNP _bspa _cBNPHU |
||
| 082 | 4 | _222 | |
| 100 | 1 |
_aMartínez Núñez, Andy L., _d1991- _981802 |
|
| 245 | 1 | 0 |
_aAgente spectrum y los centinelas del infierno / _cAndy L. Martínez Núñez |
| 260 |
_aSanto Domingo : _bs.n., _c2021. |
||
| 300 |
_a183 p. ; _c21 cm. |
||
| 500 | _aIncluye datos biográficos del autor en la pagina 183 | ||
| 500 | _aLa biblioteca posee 1 ejemplar autográfiado por el autor | ||
| 590 | _aInventariado, 2022/BT | ||
| 910 | _aBtavárez | ||
| 942 |
_2ddc _cLBS1 |
||
| 999 |
_c51967 _d51967 |
||